Normal view
MARC view
- PHASED ARRAY ANTENNAS, MICROWAVE ANTENNAS
Entry Topical Term
001 - CONTROL NUMBER
- control field: 65159
003 - CONTROL NUMBER IDENTIFIER
- control field: NUST
005 - DATE AND TIME OF LATEST TRANSACTION
- control field: 20210628203407.0
008 - FIXED-LENGTH DATA ELEMENTS
- fixed length control field: 210628|| aca||aabn | a|a d
040 ## - CATALOGING SOURCE
- Original cataloging agency: NUST
- Transcribing agency: NUST
150 ## - HEADING--TOPICAL TERM
- Topical term or geographic name entry element: PHASED ARRAY ANTENNAS, MICROWAVE ANTENNAS
670 ## - SOURCE DATA FOUND
- Source citation: Work cat.: (NUST): Fourikis, Nicholas 65158, Phased array based systems and applications, 1997
